00430nam a2200157Ia 4500001000500000005001700005008004100022041000800063082001500071100002800086245010500114260000900219300002800228650000800256654000800264193020260306143805.0260306t2012||||xx |||||||||||||| ||spa|| aESP a158.1bS21 aSantandreu, RafaeleAUT 0aEl arte de no amargarse la vida:blas claves del cambio psicológico y la transformación personal c2012 a233 páginas :c23 cm. aGEN aCPS